000 01116aam a2200397 4500
005 20260306151951.0
008 150302b2006 xxu||||| |||| 00| 0 ES d
020 _a9806574524
041 _aESP
082 _a617.64 S715d
100 _aSosa, Graciela Estrella
245 _aDetección precoz de los desordenes temporomandibulares
260 _aVenezuela
260 _bAMOLCA
260 _c2006
300 _a185 páginas
300 _bFotografías a color
490 _aMecánica Dental
505 _aContiene Índice SAHA
650 _aARTICULACIÓN TEMPOROMANDIBULAR
650 _aFISIOLOGÍA ARTICULAR
650 _aANATOMÍA DE LA ARTICULACIÓN
650 _aBIOMECÁNICA
650 _aETIOLOGÍA DE LAS DISFUNCIONES
650 _aPATOLOGÍAS TEMPOROMANDIBULARES
650 _aSISTEMA NEUROMUSCULAR
650 _aBRUXISMO
650 _aOSTEOPATIAS
650 _aRAQUIS
650 _aMUSCULOS CREOMANDIBULARES
650 _aSINDROME DE COSTEN
650 _aDESORDENES TEMPOROMANDIBULES
650 _aMUSCULOS MASTICADORES
650 _aNEUROANATOMÍA
942 _cBK
_2ddc
999 _c1969
_d1969